000 00581nam a2200193 a 4500
001 BRCA_8750
005 20190320210407.0
008 100317s2005----mx-a######---#000-0#spa-#
041 _aspa
050 4 _bC67 2005
100 1 _aCortés Rocha, Xavier
_921789
245 1 0 _aEl clasicismo en la arquitectura mexicana, 1524-1784.
260 _aCiudad de México
_c2005
300 _a484 p.
_bil.
_c27 cm.
502 _aTesis Doctorado (Doctor en Arquitectura) UNAM, Programa de Posgrado en Arquitectura
650 1 4 _aArquitectura
_zMéxico
_9596
902 _aTES
942 _2lcc
_cTES
999 _c8402
_d8402